000 00734nam a22001817a 4500
999 _c320
_d320
003 AR-CdUCM
008 190222b ||||| |||| 00| 0 spa d
040 _aMUNICIPALIDAD PROVINCIAL DEL CUSCO
_cBIBLIOTECA MUNICIPAL DEL CUSCO
082 _a869.534 /
_bOL42
100 _aOlavide, Pablo de
_9389
245 _aObras narrativas desconocidas /
260 _aLima :
_bJurídica,
_c1971.
300 _a273 páginas ;
_c21.5 cm.
505 _aContenido: El incógnito o el fruto de la ambición -- Paulina o el amor desinteresado -- Marcelo o los peligros de la corte -- Sabina o los grandes sin disfraz -- Lucía o la aldeana virtuosa -- Laura o el sol de Sevilla
650 _aNovela
_95
942 _2ddc
_cLIBROS
945 _aafb
_d2019-02-22